01770cam a22003854i 4500003000900000005001700009008004100026020001800067035002000085040003300105082002300138100002300161245008900184264003500273300005600308336002100364337002500385338002300410504004000433504003400473505073500507526001001242526001001252526001001262526001001272526000801282526000801290526000801298526000801306526000801314526000801322526000801330650002201338650002401360PE-LiUPU20250731173042.0171227s2016 xxua rb 001 0 eng d a9780664262495 a(Sirsi) a240687 aPE-LiUPUbspacPE-LiUPUerda04a261.70973bJ672231 aFea, John,eautor.10aWas america founded as a christian nation? :ba historical introduction /cJohn Fea. 1aLouisville :brevised ;c2016. a292 páginas :bilustraciones ;c23 centímetros. atext2rdacontent aunmediated2rdamedia avolume2rdacarrier aBibliografía : páginas 253-280. aÍndice : páginas 281-292.0 aHow to think historically -- Evangelical america, 1789-1865 -- Evangelicals, liberals, and christian american, 1865-1925 -- Christian america in a modern age, 1925-1880 --History for the faithful: the contemporary defenders of christian america -- Were the british colonies christian societies? -- Christianity and the coming of the american revolution -- The revolutionary pulpit -- Nayure´s god: is the declaration of independence a christian document? -- Religion in the critical period -- A "godless" constitution? -- Did george washington pray at velley forge? -- John adams: devout unitarian -- Thomas Jefferson: follower of Jesus -- Benjamin Franklin: ambitious moralist -- What about witherspoon? three orthodox founders. aSEG42 aSEG41 aSEG40 aSEG39 aP94 aP87 aP86 aP85 aP77 aP76 aP3504aChristian nation.04aNación cristiana.